The Pacific basin : an introduction

Bibliographic Details
Published in:The history of cartography, J.B. Harley and David Woodward, Chicago [etc.], p. 419-422 (3)
Main Author: Finney, Ben
Content type: Article
Published: 1998
Source:MPIPL_cat

MARC

LEADER 00000caa a2200000 u 4500
001 PL0086652
003 PLI01000000000000000084362
005 00000000000000.0
008 ||| u
100 1 |a Finney, Ben 
245 0 4 |a The Pacific basin  |b an introduction  |c Ben Finney 
260 |c 1998 
773 0 8 |t The history of cartography  |a J.B. Harley and David Woodward  |k 3  |d Chicago [etc.]  |g p. 419-422  |w MPIPL_cat.PL0086269  |z 0-226-90728-7  |i In: 
952 |h p. 419-422 
996 |a Aufsatz 
997 |a book chapter